Szczegóły MARC21

Modernism : an anthology /

005 -DATA I CZAS OSTATNIEJ MODYFIKACJI [,]
    • @
    • pole kontrolne
    • 20090902103652.0
020 -Międzynarod. znormalizowany nr książki - ISBN [ , ]
    • a
    • Numer ISBN
    • 9780631204497 Find
020 -Międzynarod. znormalizowany nr książki - ISBN [ , ]
    • a
    • Numer ISBN
    • 9780631204480 (hbk) Find
040 -Instytucja sporządzająca opis [ , ]
    • a
    • Instytucja, która sporządziła opis (NP)
    • SZCZ U/KLR
    • c
    • Instytucja, która sporządziła rekord (NP)
    • SZCZ U/KLR
    • d
    • Instytucja, która zmodyfikowała rekord (P)
    • SZCZ U/JŚ
041 -Język dokumentu [0, ]
    • a
    • Język tekstu (P)
    • angielski
044 -Kraj miejsca wydania [ , ]
    • a
    • Kraj miejsca wydania
    • USA
942 -Rodzaj dokumentu [ , ]
    • c
    • Rodzaj dokumentu
    • Książka
245 -Strefa tytułu i oznaczenia odpowiedzialności [0,0]
    • a
    • Tytuł
    • Modernism : Find
    • b
    • Ciąg dalszy tytułu (NP)
    • an anthology / Find
    • c
    • Pozostałe elementy strefy tytułu i oznaczenia odpowiedzialności (NP)
    • ed. by Lawrence Rainey.
260 -Strefa adresu wydawniczego [ , ]
    • a
    • Miejsce wydania (P)
    • Malden :
    • b
    • Nazwa wydawcy (P)
    • Blackwell Publishing,
    • c
    • Data wydania (P)
    • cop. 2005.
300 -Strefa opisu fizycznego [ , ]
    • a
    • Określenie formy książki i/lub objętość (NP)
    • XXXII, 1181 s. ;
    • c
    • Format (NP)
    • 25 cm.
440 -Strefa serii i książki wielotomowej - forma do wyszukiwania [ ,0]
    • a
    • Tytuł (NP)
    • Blackwell Anthologies Find
    • 9
    • KHW
    • 645082
504 -Uwaga dot. bibliogr. załącznikowej [ , ]
    • a
    • Uwaga dot. bibliografii załącznikowej
    • Bibliogr. Ind.
080 -Uniwersalna Klasyfikacja Dziesiętna [ , ]
    • 2
    • Identyfikator wydania tablic
    • UDC-P058
    • a
    • Symbol klasyfikacji
    • 821.111(73)-82
    • b
    • Dopowiedzenie
    • Literatura amerykańska. - Antologie. Wypisy. Chrestomatie. Silva rerum.
    • x
    • Poddział wspólny
    • "18/19"
    • b
    • Dopowiedzenie
    • Wiek XIX/XX.
    • x
    • Poddział wspólny
    • =111
    • b
    • Dopowiedzenie
    • =Język angielski.
080 -Uniwersalna Klasyfikacja Dziesiętna [ , ]
    • 2
    • Identyfikator wydania tablic
    • UDC-P058
    • a
    • Symbol klasyfikacji
    • 821.111-82
    • b
    • Dopowiedzenie
    • Literatura angielska. - Antologie. Wypisy. Chrestomatie. Silva rerum.
    • x
    • Poddział wspólny
    • "18/19"
    • b
    • Dopowiedzenie
    • Wiek XIX/XX.
    • x
    • Poddział wspólny
    • =111
    • b
    • Dopowiedzenie
    • =Język angielski.
980 -Symbol UKD [ , ]
    • a
    • UKD
    • 821.111(73):821.111]-82"18/19"=111
700 -Hasło dodatkowe - nazwa osobowa [1, ]
    • 9
    • KHW
    • 523
    • a
    • Nazwa osobowa (NP)
    • Rainey, Lawrence S. Find
    • d
    • Daty biograficzne (NP)
    • (1954- ).
    • e
    • Określenie rodzaju współpracy
    • Oprac.
920 -ISBN [ , ]
    • a
    • ISBN
    • 978-0-631-20449-7 (pbk) Find
920 -ISBN [ , ]
    • a
    • ISBN
    • 978-0-631-20448-0 (hbk) Find
Numer inwentarzowy Lokalizacja Data inwentaryzacji Sygnatura Status udost.
A.8410BM2009-05-06ANG. Antologie 081